000 00504nam a22001932 4500
001 0000006037
005 20170406121201.0
008 150724s xx 000 0 eng d
020 _c$
040 _aYour Holding Symbol
_cYour Holding Symbol
100 1 _aHaiston,Maxine.
245 1 2 _aA Contemporary rhetoric.
250 _a2nd ed.
260 _alondon :
_bHoughton mifflin,
_c1963.
300 _a446 p. ;
_c cm.
504 _aindex.
650 0 _arhetoric.
908 _a150724
999 _c5795
_d5795